Cambridge Certificate English <A> Course for First Certificate

Saved in:
Bibliographic Details
Main Author: Archer, Margaret
Other Authors: Nolan-Woods, Enid
Format: Book
Language:English
Published: Edinburgh Nelson 1977
Edition:1. ed.
Tags: Add Tag
No Tags, Be the first to tag this record!

MARC

LEADER 00000nam a2200000 4500
001 c028301
005 20221220101436.6
041 0 |a eng 
044 |a GB 
245 1 0 |a Cambridge Certificate English  |b <A> Course for First Certificate  |c Margaret Archer, Enid Nolan-Woods 
250 |a 1. ed. 
264 1 |a Edinburgh  |b Nelson  |c 1977 
300 |a 199 s. 
100 1 |a Archer, Margaret 
700 1 |a Nolan-Woods, Enid